000 00308 a2200133 4500
001 155742
040 _cEscola São Tomás de Aquino
100 _aSOUZA, Maurício
240 1 0 _aA menina do leite
_lpor
245 1 0 _aA menina do leite
440 1 _aGirassol
697 _a*LITERATURA INFANTIL
942 _cBK
999 _c155742
_d155742